书目信息 |
| 题名: |
农村教育与农民的社会流动
|
|
| 作者: | 王一涛 著 | |
| 分册: | ||
| 出版信息: | 北京 社会科学文献出版社 2008 |
|
| 页数: | 285页 | |
| 开本: | 24cm | |
| 丛书名: | 教育研究丛书 | |
| 单 册: | ||
| 中图分类: | G725 , C924.24 | |
| 科图分类: | ||
| 主题词: | 乡村教育--调查报告--中国 , 农村--人口流动--问题--研究--中国 , 乡村教育 , 农村 , 人口流动 | |
| 电子资源: | ||
| ISBN: | 978-7-5097-0217-8 | |
| 000 | 01342oam2 2200337 45 | |
| 001 | 1050771609 | |
| 005 | 20100416092858.56 | |
| 010 | @a978-7-5097-0217-8@dCNY48.00 | |
| 100 | @a20100408d2008 ekmy0chiy0120 ea | |
| 101 | 0 | @achi |
| 102 | @aCN@b110000 | |
| 105 | @ay z 000yy | |
| 106 | @ar | |
| 200 | 1 | @a农村教育与农民的社会流动@ANong Cun Jiao Yu Yu Nong Min De She Hui Liu Dong@dRural education and social mobility of the peasants : a case study in Yingxian@e基于英县的个案分析@EJi Yu Ying Xian De Ge An Fen Xi@f王一涛著@FWang Yi Tao Zhu@zeng |
| 210 | @a北京@c社会科学文献出版社@d2008 | |
| 215 | @a285页@d24cm | |
| 225 | 2 | @a教育研究丛书 |
| 304 | @a浙江树人大学著作出版基金资助出版 | |
| 330 | @a本书从描述和分析农民的生活入手,探讨了农民的教育需求和学校的教育供给,着重对农民子弟在通过教育实现社会流动过程中所遇到的重重困难进行了比较深入的分析,并提出了解决问题的基本对策。 | |
| 461 | 0 | @12001 @a教育研究丛书 |
| 510 | 1 | @aRural education and social mobility of the peasants : a case study in Yingxian@zeng |
| 606 | 0 | @a乡村教育@x调查报告@y中国 |
| 606 | 0 | @a农村@x人口流动@x问题@x研究@y中国 |
| 606 | 0 | @a乡村教育 |
| 606 | 0 | @a农村 |
| 606 | 0 | @a人口流动 |
| 690 | @aG725@v4 | |
| 690 | @aC924.24@v4 | |
| 701 | 0 | @a王一涛@AWang Yi Tao@4著 |
| 801 | 0 | @aCN@bTANGWEI@c20100416 |
| 905 | @b0590346-48@dG725@e127@f3 | |
| 农村教育与农民的社会流动=Rural education and social mobility of the peasants : a case study in Yingxian:基于英县的个案分析/王一涛著.-北京:社会科学文献出版社,2008 |
| 285页;24cm.-(教育研究丛书) |
| ISBN 978-7-5097-0217-8:CNY48.00 |
| 本书从描述和分析农民的生活入手,探讨了农民的教育需求和学校的教育供给,着重对农民子弟在通过教育实现社会流动过程中所遇到的重重困难进行了比较深入的分析,并提出了解决问题的基本对策。 |
| ● |
| 相关链接 |
|
|
|
|
正题名:农村教育与农民的社会流动
索取号:G725/127
 
预约/预借
| 序号 | 登录号 | 条形码 | 馆藏地/架位号 | 状态 | 备注 |
| 1 | 0590346 | 205903469 | 第一样本阅览室/ [索取号:G725/127] | 在馆 | |
| 2 | 0590347 | 205903478 | 第四借阅区/ [索取号:G725/127] | 在馆 | |
| 3 | 0590348 | 205903487 | 第四借阅区/ [索取号:G725/127] | 在馆 |